Datum a čas kvízu
23.5
Celkem bodů
Celkový počet nahraných bodů na tomto kvízu bez doplňovacích otázek.
6.
Pořadí na kvízu
Konečné umístění týmu na tomto kvízu.
Zaznamenané odpovědi
| # | Otázka | Odpověď | Body | Výsledky |
|---|---|---|---|---|
| 1. | Spisovatelka a signatářka Char... | Lenka Procházková | 0 | |
| 2. | Americká vláda chce vyčlenit 7... | Maďarsko | 0 | |
| 3. | Odpolední sobotní program fest... | Milovice | 1 | |
| 4. | V úterý se v londýnské aukční... | Ludwig van Beethoven | 1 | |
| 5. | Minulý týden bylo poměrně přek... | Filip Pešán | 1 | |
| 6. | Google vyhledávač má svou rozš... | (Google) Scholar | 0 | |
| 7. | Jestliže zadáme do předmětného... | C) proč muži neposlouchají a ženy neumí číst v mapách | 1 | |
| 8. | Při použití vyhledávače, o něm... | easter egg (velikonoční vajíčko) | 0 | |
| 9. | Sídlo společnosti Google nemůž... | Googleplex | 0 | |
| 10. | Koncept svátečního loga (tzv.... | Den matek | 1 |